|
|
|
|
| LEADER |
00000cam a2200000 i 4500 |
| 001 |
1/10739 |
| 008 |
101101s2008 gr | ||| |||| ||gre|| |
| 020 |
|
|
|a 9789602105337
|q (σετ)
|
| 020 |
|
|
|a 9789602105344
|q (τ.1)
|
| 020 |
|
|
|a 9789602105351
|q (τ.2)
|
| 035 |
|
|
|l 10109131
|
| 040 |
|
|
|a GR-MY-UA
|b gre
|e aacr
|
| 041 |
1 |
|
|a gre
|h rus
|
| 082 |
7 |
|
|a 335.4309
|2 (22)
|
| 100 |
1 |
|
|a Vranivki, Predrag.
|
| 245 |
1 |
0 |
|a Ιστορία του Μαρξισμού /
|c Πρεντράγκ Βρανίτσκι ; μετάφραση: Μυρσίνη Ζορμπά.
|
| 250 |
|
|
|a [3η έκδ.].
|
| 260 |
|
|
|a Αθήνα :
|b Οδυσσέας,
|c 2008.
|
| 300 |
|
|
|a 2 τ. ;
|c 22 εκ.
|
| 500 |
|
|
|a Μετάφραση του: Historija marksizma.
|
| 505 |
0 |
|
|a Τ.1. Από τον Μαρξ στον Λένιν -- τ.2. Από την τρίτη διεθνή εώς τις μέρες μας
|
| 650 |
0 |
0 |
|a Communism
|x History.
|
| 700 |
1 |
|
|a Ζορμπά, Μυρσίνη,
|e trlf
|
| 852 |
|
|
|a INST
|b LESVOS
|e 20101101
|h 335.4309 VRA
|p 005100049656
|q 005100049656
|t BK
|y 0
|z τ.Α
|
| 852 |
|
|
|a INST
|b LESVOS
|e 20101101
|h 335.4309 VRA
|p 005100049657
|q 005100049657
|t BK
|y 0
|z τ.Β
|
| 852 |
|
|
|a INST
|b LESVOS
|e 20130215
|h 335.4309 VRA
|p 005100051975
|q 005100051975
|t BK
|y 0
|z τ.Β
|
| 852 |
|
|
|a INST
|b LESVOS
|e 20130215
|h 335.4309 VRA
|p 005100051976
|q 005100051976
|t BK
|y 0
|z τ.Α
|
| 852 |
|
|
|a INST
|b LESVOS
|e 20101101
|h 335.4309 VRA
|p 005100049656
|q 005100049656
|t BK
|v τ.Α:
|y 0
|z τ.Α
|
| 852 |
|
|
|a INST
|b LESVOS
|e 20101101
|h 335.4309 VRA
|p 005100049657
|q 005100049657
|t BK
|v τ.Β:
|y 0
|z τ.Β
|
| 852 |
|
|
|a INST
|b LESVOS
|e 20130215
|h 335.4309 VRA
|p 005100051975
|q 005100051975
|t BK
|v τ.Β:
|y 0
|z τ.Β
|
| 852 |
|
|
|a INST
|b LESVOS
|e 20130215
|h 335.4309 VRA
|p 005100051976
|q 005100051976
|t BK
|v τ.Α:
|y 0
|z τ.Α
|
| 853 |
|
|
|a INST
|b LESVOS
|h 335.4309 VRA
|
| 901 |
|
|
|a BIBL1-2010-3
|
| 901 |
|
|
|a BIBL1-2013-1
|
| 909 |
|
|
|a Λ
|b 166643
|
| 909 |
|
|
|a Λ
|b 166644
|
| 909 |
|
|
|a Λ
|b 177929
|
| 909 |
|
|
|a Λ
|b 177928
|
| 920 |
|
|
|a ΕΥΔΟΞΟΣ
|b ΠΑΡΑΓΓΕΛΙΑ
|y Λέσβος
|z 2013-02
|
| 922 |
|
|
|a 1ΕΛΗ
|b 201010
|c ΤΑΚΤΙΚΟΣ ΒΙΒΛΙΟΘΗΚΗΣ
|d ΙΩΑΝΝΙΔΟΥ
|
| 970 |
|
|
|a ΤΖΑΦΕΡΗ
|b ΕΥΑΓΓΕΛΙΑ
|z 2010/11/01
|